Pauli Diaconi Historia Romana / (Record no. 116550)
[ view plain ]
| 000 -LEADER | |
|---|---|
| campo de control de longitud fija | 00826nam a2200229 i 4500 |
| 001 - NÚMERO DE CONTROL | |
| campo de control | 116550 |
| 003 - IDENTIFICADOR DE NÚMERO DE CONTROL | |
| campo de control | ES-MaACL |
| 005 - FECHA Y HORA DE LA ÚLTIMA TRANSACCIÓN | |
| campo de control | 20230906190727.0 |
| 007 - CAMPO FIJO DE DESCRIPCIÓN FÍSICA--INFORMACIÓN GENERAL | |
| campo de control de longitud fija | t| |
| 008 - DATOS DE LONGITUD FIJA--INFORMACIÓN GENERAL | |
| campo de control de longitud fija | 061121s1914 it r ||||1| lat d |
| 100 1# - ENTRADA PRINCIPAL--NOMBRE DE PERSONA | |
| Nombre de persona | Paulo Diácono. |
| 9 (RLIN) | 89659 |
| 245 10 - MENCIÓN DEL TÍTULO | |
| Título | Pauli Diaconi Historia Romana / |
| Mención de responsabilidad, etc. | a cura di Amedeo Crivellucci. |
| 260 ## - PUBLICACIÓN, DISTRIBUCIÓN, ETC. | |
| Lugar de publicación, distribución, etc. | Roma : |
| Nombre del editor, distribuidor, etc. | [Istituto Storico Italiano], |
| Fecha de publicación, distribución, etc. | 1914 ( |
| Fabricante | Tip. del Senato) |
| 300 ## - DESCRIPCIÓN FÍSICA | |
| Extensión | LII, 303 p., [5] h. de lám. ; |
| Dimensiones | 27 x 18 cm. |
| 490 1# - MENCIÓN DE SERIE | |
| Mención de serie | Fonti per la storia d'Italia (Istituto Storico Italiano) ; |
| Designación de volumen o secuencia | 51 |
| 546 ## - NOTA DE IDIOMA | |
| Nota de lengua/lenguaje | Edición en latín e italiano. |
| 651 #4 - PUNTO DE ACCESO ADICIONAL DE MATERIA--NOMBRE GEOGRÁFICO | |
| Nombre geográfico | Roma- |
| Subdivisión general | Historia- |
| Subdivisión de forma | Fuentes. |
| 9 (RLIN) | 9315 |
| 700 1# - ENTRADA AGREGADA--NOMBRE PERSONAL | |
| Nombre de persona | Crivellucci, Amedeo. |
| 9 (RLIN) | 41653 |
| 830 1# - PUNTO DE ACCESO ADICIONAL DE SERIE-TÍTULO UNIFORME | |
| Título uniforme | Fonti per la storia d'Italia (Istituto Storico Italiano) ; |
| Designación de volumen o secuencia | 51 |
| 9 (RLIN) | 233313 |
| 852 4# - LOCALIZACIÓN | |
| Ubicación | ES-MaACL |
| Número de control de estantería | G-935 |
| Estatus retirado | Estado de pérdida | Estado de daño | No para préstamo | Biblioteca de origen | Biblioteca actual | Ubicación en estantería | Fecha de adquisición | Fuente de adquisición | Total de préstamos | Signatura topográfica completa | Código de barras | Visto por última vez | Precio de reemplazo | Tipo de ítem Koha |
|---|---|---|---|---|---|---|---|---|---|---|---|---|---|---|
| Biblioteca del Ateneo de Madrid | Biblioteca del Ateneo de Madrid | Depósito 2 | 17/01/2008 | G-935 | 1121532 | 23/02/2023 | 23/02/2023 | Libro impreso |
